000 01541cam a22004337a 4500
001 000077892
003 CHAP
005 20241112062702.0
008 980324d1996 mx a r 00110 spa d
010 _a75127
011 _a76099
020 _a9688843466
035 _a85676
040 _cCHAP
090 _aFolleto 14914
100 1 0 _aSchwentesius Rindermann, Rita
_9103302
245 1 3 _aEl mercado internacional y nacional del maracuyá /
_c/por Rita Schwentesius Rindermann y Manuel Angel Gómez Cruz.
260 _aChapingo, Méx. :
_bUACH. Centro de Investigaciones Económicas, Sociales y Tecnológicas de la Agroindustria y la Agricultura Mundial,
_c1996.
300 _a26 p. :
_bilus. ; mapa.
410 _aUACH. CIESTAAM
490 1 _aReporte de investigación
_v; 28
590 _aBATCH-UPD
_b10
_c20130110
_lUCH01
_h1048
590 _aBATCH-UPD
_b10
_c20130410
_lUCH01
_h0646
590 _aBATCH-UPD
_b10
_c20130914
_lUCH01
_h1446
590 _aCONVERSION
_b10
_c20130109
_lUCH01
_h1341
590 _aE5995AHE
_b05
_c20150212
_lUCH01
_h1342
650 1 4 _aFruta
_xMercadeo.
_943633
650 1 4 _aGranada china.
_950324
650 1 4 _aGranada china
_xMercadeo.
_950328
700 1 _aGómez Cruz, Manuel Ángel
_949661
810 0 _aUACh. CIESTAAM
_9115844
830 0 _aReporte de investigación
_v; 28
_996000
901 _aBK
905 _aGuadalupe Pinto C.
942 _cFOLL
942 _n0
949 _aFolleto 14914
_bBC
_cFOLL
_d856761
_eTS1
_i85676
_sb
949 _aFolleto 14914
_bBC
_cUACH
_d856762
_eUACH
_fc.2
_i85676
_sb
999 _c75127
_d75127